[Event "Manizales Las Americas op-A"]
[Site "Manizales"]
[Date "2021.10.14"]
[Round "2"]
[White "Ortiz Q, Johnny Alexander"]
[Black "Perez, William"]
[Result "0-1"]
[WhiteElo "2192"]
[BlackElo "2001"]
[PlyCount "66"]
[EventDate "2021.10.14"]
[EventType "swiss"]
[EventRounds "10"]
[EventCountry "COL"]
[SourceTitle "CBM 204 Extra"]
[Source "ChessBase"]
[SourceDate "2021.11.30"]
[SourceVersion "1"]
[SourceVersionDate "2021.11.30"]
[SourceQuality "1"]

1. e4 c6 2. d4 d5 3. exd5 cxd5 4. Bd3 Nc6 5. c3 Nf6 6. Bf4 Bg4 7. Qb3 e5 8. dxe5 Nh5 9. Be3 Nxe5 10. Bb5+ Nc6 11. Qa4 Bd7 12. Nf3 a6 13. Be2 Nf6 14. 0-0 Be7 15. Nbd2 0-0 16. Rad1 Qc7 17. Bf4 Bd6 18. Bxd6 Qxd6 19. Qh4 Bf5 20. Nc4 Qc7 21. Ne3 Be4 22. Rd2 Rad8 23. Rfd1 Rfe8 24. Nd4 Ne5 25. Qg3 Bg6 26. f3 Qc5 27. Qf2 Qa5 28. g4 h6 29. a3 Qb6 30. h4 Nc6 31. Nef5 Qc7 32. Qg3 Qxg3+ 33. Nxg3 Nxd4 0-1

[Event "Olympiad-43"]
[Site "Batumi"]
[Date "2018.10.01"]
[Round "7.49"]
[White "Wong, Brian"]
[Black "Ortiz Q, Johnny Alexander"]
[Result "1/2-1/2"]
[WhiteElo "2024"]
[BlackElo "2207"]
[PlyCount "81"]
[EventDate "2018.09.24"]
[EventType "team-swiss"]
[EventRounds "11"]
[EventCountry "GEO"]
[SourceTitle "CBM 187"]
[Source "ChessBase"]
[SourceDate "2018.12.11"]
[SourceVersion "1"]
[SourceVersionDate "2018.12.11"]
[SourceQuality "1"]
[WhiteTeam "Hong Kong"]
[BlackTeam "Guatemala"]
[WhiteTeamCountry "HKG"]
[BlackTeamCountry "GUA"]

1. d4 Nf6 2. Bf4 d5 3. e3 e6 4. Nf3 Bd6 5. Bg3 Ne4 6. Nbd2 b6 7. Bb5+ c6 8. Bd3 Nxd2 9. Nxd2 Ba6 10. Qg4 g6 11. Nf3 Bxd3 12. cxd3 Bb4+ 13. Ke2 Nd7 14. Ne5 Nxe5 15. Bxe5 0-0 16. h4 h6 17. h5 g5 18. f4 f5 19. Qg3 Kh7 20. fxg5 Qxg5 21. Qxg5 hxg5 22. Rac1 Rac8 23. Rc2 Be7 24. Rhc1 c5 25. b4 Kh6 26. bxc5 Kxh5 27. cxb6 Rxc2+ 28. Rxc2 axb6 29. Rc6 Ra8 30. Rxe6 Rxa2+ 31. Kf1 Bb4 32. Bc7 b5 33. e4 fxe4 34. dxe4 dxe4 35. d5 Ra1+ 36. Ke2 Re1+ 37. Kf2 Rd1 38. d6 Bc5+ 39. Ke2 Rd5 40. Re7 b4 41. Rxe4 1/2-1/2

[Event "Olympiad-43"]
[Site "Batumi"]
[Date "2018.09.27"]
[Round "4.51"]
[White "Silva, David Miguel Da"]
[Black "Ortiz Q, Johnny Alexander"]
[Result "1/2-1/2"]
[WhiteElo "2223"]
[BlackElo "2207"]
[PlyCount "71"]
[EventDate "2018.09.24"]
[EventType "team-swiss"]
[EventRounds "11"]
[EventCountry "GEO"]
[SourceTitle "CBM 187"]
[Source "ChessBase"]
[SourceDate "2018.12.11"]
[SourceVersion "1"]
[SourceVersionDate "2018.12.11"]
[SourceQuality "1"]
[WhiteTeam "Angola"]
[BlackTeam "Guatemala"]
[WhiteTeamCountry "ANG"]
[BlackTeamCountry "GUA"]

1. e4 c5 2. Nf3 d6 3. Bb5+ Nd7 4. Ba4 Ngf6 5. 0-0 e6 6. c4 Be7 7. Nc3 0-0 8. d3 Ne5 9. Nxe5 dxe5 10. a3 Bd7 11. Be3 b6 12. Rb1 Bxa4 13. Qxa4 Ng4 14. Bd2 Bg5 15. Qd1 Bxd2 16. Qxd2 Qh4 17. h3 Nf6 18. b4 Nd7 19. Qe3 Rfd8 20. Na4 Rac8 21. Rb2 h6 22. Qg3 Qe7 23. Re1 Qd6 24. Rb3 Nf6 25. bxc5 bxc5 26. Qf3 Nd7 27. Reb1 Qa6 28. Nc3 Rb8 29. Qe3 Rb6 30. Qc1 Rdb8 31. Qc2 Kf8 32. Rxb6 axb6 33. a4 Ra8 34. Rb5 Qc8 35. g3 Qc7 36. Kg2 1/2-1/2

[Event "Olympiad-39"]
[Site "Khanty-Mansiysk"]
[Date "2010.10.01"]
[Round "10.3"]
[White "Al Zendani, Zendan"]
[Black "Ortiz Q, Johnny Alexander"]
[Result "1-0"]
[WhiteElo "2400"]
[BlackElo "2179"]
[PlyCount "73"]
[EventDate "2010.09.21"]
[EventType "team-swiss"]
[EventRounds "11"]
[EventCountry "RUS"]
[SourceTitle "CBM 139"]
[Source "ChessBase"]
[SourceDate "2010.11.18"]
[SourceVersion "1"]
[SourceVersionDate "2010.11.18"]
[SourceQuality "1"]
[WhiteTeam "Yemen"]
[BlackTeam "Guatemala"]
[WhiteTeamCountry "YEM"]
[BlackTeamCountry "GUA"]

1. e4 c5 2. Nf3 d6 3. d4 cxd4 4. Nxd4 Nf6 5. Nc3 a6 6. Bg5 e6 7. f4 Be7 8. Qf3 Nbd7 9. 0-0-0 Qc7 10. Bd3 b5 11. Rhe1 Bb7 12. a3 Nc5 13. Bxf6 gxf6 14. Qh5 Bf8 15. f5 0-0-0 16. fxe6 fxe6 17. Qh3 Qf7 18. Be2 Kb8 19. Bg4 e5 20. Ne6 Nxe6 21. Bxe6 Qg7 22. Kb1 h5 23. Rd3 Qg5 24. Nd5 Bxd5 25. Rxd5 Rh7 26. a4 Rb7 27. axb5 axb5 28. Qd3 Qxg2 29. Rxb5 Qf2 30. Re3 Qg1+ 31. Ka2 Qg7 32. Bd5 Rdd7 33. Qc4 Rxb5 34. Qxb5+ Kc8 35. Rc3+ Kd8 36. Qb8+ Ke7 37. Rc8 1-0